000 00437nam a2200109Ia 4500
008 200908s9999 xx 000 0 und d
020 _a978-971-0426-31-7
245 _cEdited By: Enrique NiƱo P. Leviste.--
_aEducation for a globalizing Asia :
_bchallenges and opportunities /
260 _aQuezon City :
_bAteneo Center for Asian Studies
_c2019
300 _axv , 103 pages :
_billustration ;
_c23 cm.
650 _aEducation and globalization
999 _c364102
_d364102